Dizertačná práca: Metodológia syntézy optimalizačných a ekonometrických prístupov makroekonomického modelovania
Guardado en:
| Autor principal: | |
|---|---|
| Formato: | Capítulo de libro |
| Lenguaje: | eslovaco |
| Etiquetas: |
Sin Etiquetas, Sea el primero en etiquetar este registro!
|
MARC
| LEADER | 00000naa$a2200000$$$4500 | ||
|---|---|---|---|
| 001 | 0063379 | ||
| 005 | 20240502071729.0 | ||
| 041 | 0 | |a slo | |
| 044 | |a SK | ||
| 245 | 1 | 0 | |a Dizertačná práca: Metodológia syntézy optimalizačných a ekonometrických prístupov makroekonomického modelovania |c Adriana Lukáčiková |
| 100 | 1 | |a Lukáčiková, Adriana, 1971- | |